000 01104cam a2200253 i 4500
003 SA-RiAUC
005 20250415074122.0
008 250415s1972____ua g 00000 ara c
040 _aSA-RiKAPL
_bara
_cSA-RiAUC
_erda
082 0 4 _a237.3
090 _a237.3
_bا ب ن ج
100 1 _aابن الجزري، محمد بن محمد بن محمد،
_d751-833 هجري
_eمؤلف.
245 1 0 _aعدة الحصن الحصين من كلام سيد المرسلين صلى الله عليه وسلم /
_cشهاب الدين محمد بن محمد بن الجزري الدمشقي ؛ شرح حسنين محمد مخلوف.
250 _aالطبعة الثانية.
264 1 _aالقاهرة :
_bمكتبة المدني،
_c1972
300 _a200 صفحة ؛
_c24 سم
336 _aنص
_btxt
_2rdacontent
_3كتاب
337 _aبدون وسيط
_bn
_2rdamedia
338 _aمجلد
_bnc
_2rdacarrier
650 7 _aالأدعية والأوراد
_2aucsh
700 1 _aمخلوف، حسنين محمد،
_d1890-1990
_eشارح.
942 _2ddc
_cBOOK
_n0
949 _aSA-JeALM
_d250415
_umohamedma123
_n1
999 _c7075
_d7075